24 Préludes, op. 28 ; Ballade no. 4 in F minor, op. 52 /

Hlavní autor: Chopin, Fryderyk, 1810-1849
Další autoři: Moravec, Ivan, 1930-2015
Jazyk: Čeština
Vydáno: Praha : Supraphon Records, p1977, 1964, [1996]
Témata:
Fyzický popis: 1 CD : AAD ; 12 cm + 1 list.
Zvukové nahrávky
Uloženo v:
LEADER 01144njm a2200301 a 4500
001 000158547
003 CZ BrMZK
005 19950101143423.0
008 950101s1994 xr f cze d
028 0 1 |a 3165-2111  |b Supraphon 
040 |a BOA001  |b cze 
080 |a 786.2.083(086.7)  |2 MRF 
100 1 |a Chopin, Fryderyk,  |d 1810-1849  |7 jn19992000131  |4 aut 
245 1 0 |a 24 Préludes, op. 28 ;  |b Ballade no. 4 in F minor, op. 52 /  |c Fryderyk Chopin.  |h [zvukový záznam] 
246 3 2 |a Twenty four préludes, Op. 28 
260 |a Praha :  |b Supraphon Records,  |c p1977, 1964, [1996] 
300 |a 1 CD :  |b AAD ;  |c 12 cm +  |e 1 list. 
306 |a 005318 
500 |a Nahr. 1976, 1963 
500 |a Durata 53:18 
511 0 |a Ivan Moravec, klavír. 
653 0 |a klavírní charakteristické skladby  |a klavírní preludia  |a romantická hudba 
700 1 |a Moravec, Ivan,  |d 1930-2015  |7 jn19990009937  |4 prf 
740 0 2 |a Ballade no. 4 in F minor, op. 52 
910 |a BOA001  |b CD-0004.134 
964 |a Klavír  |x skladby charakteristické  |x CD 
990 |a AV 
996 6 |b 261H004185  |c CD-0004.134  |l MZK  |r Sklad / do 24 hodin  |n 0  |p p.v.  |w 000158547  |u 000010  |a 1  |e BOA001  |j MZK50  |s P